书目信息 |
| 题名: |
习近平的七年知青岁月
|
|
| 作者: | ;中央党校采访实录编辑室 著 | |
| 分册: | ||
| 出版信息: | 北京 中共中央党校出版社 2017.08 |
|
| 页数: | 452页: 图(部分彩图), 肖像 | |
| 开本: | 26cm | |
| 丛书名: | ||
| 单 册: | ||
| 中图分类: | K827=76 | |
| 科图分类: | ||
| 主题词: | 人物--传记--中国 | |
| 电子资源: | ||
| ISBN: | 978-7-5035-6163-4 | |
| 000 | 00992nam0 2200205 450 | |
| 001 | 2332836106 | |
| 005 | 20230909090852.49 | |
| 010 | @a978-7-5035-6163-4@dCNY76.00 | |
| 100 | @a20181009d2017 km y0chiy0120 ea | |
| 101 | 0 | @achi |
| 102 | @aCN@b110000 | |
| 200 | 1 | @a习近平的七年知青岁月@Axi jin ping de qi nian zhi qing sui yue@f中央党校采访实录编辑室 著@Fzhong yang dang xiao cai fang shi lu bian ji shi zhu |
| 210 | @a北京@c中共中央党校出版社@d2017.08 | |
| 215 | @a452页: 图(部分彩图), 肖像@d26cm | |
| 330 | @a 本书通过采访梁家河村民、在梁家河一起插队的北京知青、社会各界人士, 回忆了习近平总书记当年的知青岁月, 再现了他青少年时期的成长历程, 彰显了他矢志不渝的理想信念、爱国为民的家国情怀、勤奋好学的进取精神、吃苦耐劳的优秀品格, 在党内和社会上引起广泛而强烈反响。 | |
| 606 | 0 | @a人物@x传记@x中国 |
| 690 | @aK827=76@v4 | |
| 711 | 02 | @a中央党校采访实录编辑室@Azhong yang dang xiao cai fang shi lu bian ji shi@4著 |
| 801 | 0 | @aCN@b河南城建学院图书馆@c20181009 |
| 905 | @aMUSE@dK827=76@eZ712 | |
| 习近平的七年知青岁月/中央党校采访实录编辑室 著.-北京:中共中央党校出版社,2017.08 |
| 452页: 图(部分彩图), 肖像;26cm |
| ISBN 978-7-5035-6163-4:CNY76.00 |
| 本书通过采访梁家河村民、在梁家河一起插队的北京知青、社会各界人士, 回忆了习近平总书记当年的知青岁月, 再现了他青少年时期的成长历程, 彰显了他矢志不渝的理想信念、爱国为民的家国情怀、勤奋好学的进取精神、吃苦耐劳的优秀品格, 在党内和社会上引起广泛而强烈反响。 |
| ● |
| 相关链接 |
|
|
|
正题名:习近平的七年知青岁月
索取号:K827=76/Z712
 
预约/预借
| 序号 | 登录号 | 条形码 | 馆藏地/架位号 | 状态 | 备注 |
| 1 | 1504552 | 215045528 | 社科库309/309社科库 59排3列3层/ [索取号:K827=76/Z712] | 在馆 |